| 000 | 03629cam a22005534i 4500 | ||
|---|---|---|---|
| 003 | PE-LiUPU | ||
| 005 | 20250731184106.0 | ||
| 008 | 150625s1981 sp r 000 0 spa d | ||
| 020 | _a8449919584 | ||
| 035 | _a(Sirsi) a30478 | ||
| 040 |
_aPE-LiUPU _bspa _cPE-LiUPU _dPE-LiUPU _erda |
||
| 049 | _aPRUA | ||
| 082 | 0 | 4 |
_a869.5661 _bS211l _223 |
| 100 | 1 |
_aSanchez, Luis Alberto, _eautor. |
|
| 245 | 1 | 3 |
_aLa literatura peruana : _bDerrotero para una historia cultural del Perú / _cLuis Alberto Sánchez. |
| 250 | _aQuinta edición. | ||
| 264 | 1 |
_aMadrid : _bJuan Mejia Baca, _c1981. |
|
| 300 |
_a5 tomos : _bIlustraciones ; _c30 centímetros. |
||
| 336 |
_atext _2rdacontent |
||
| 337 |
_aunmediated _2rdamedia |
||
| 338 |
_avolume _2rdacarrier |
||
| 505 | 0 | _aTOMO 1: Panorama cultural del Perú -- El hombre y el medio - la cultura aborigen -- el genio popular de la conquista. Copleros, cronistas, catequistas y juristas. | |
| 505 | 0 | _aTOMO 2: Apogeo y decadencia del barroquismo -- el apogeo culterano -- La ciudad de Dios: místicos, teólogos, predicadores y cronistas de convento -- La calle: la mujer y la comedia -- La calle: los rebeldes. El ciclo de Antequera -- Los viajeros -- El despotismo ilustrado" -- El iluminismo. | |
| 505 | 0 | _aTOMO 3. Inquietud y revolución -- El fervor revolucionario -- Bolívar y la exaltación romántica -- De la región al universo -- La opinión pública y la iniciación romántica --La bohemia de mi tiempo -- Del costumbrismo al romanticismo -- Nuestro "Año terrible". | |
| 505 | 0 | _aTOMO 4: Democracia y modernismo -- Nuestros modernistas -- Por nuevas rutas -- organismos de transición --Valdelomar y "Colónida" -- Afluentes, coincidencias y proyecciones "colónidas" -- La "generación vetada" o del centenario , El conversatorio Universitario. | |
| 505 | 0 | _aTOMO 5: Generación vetada Los narradores -- generación vetada los poetas -- La generación de 1930 -- La generación del cincuenta -- La narrativa contemporánea -- La prosa crítica -- El teatro. | |
| 526 | _aP145 | ||
| 526 | _aP127 | ||
| 526 | _aP97 | ||
| 526 | _aP14 | ||
| 526 | _aP07 | ||
| 650 | 1 | 8 |
_aLiteratura peruana _xHistoria y crítica. _92261 |
| 650 | 2 | 8 |
_aLiteratos _zPerú _vBiografía. _93183 |
| 650 | 2 | 8 |
_aLiteratura y sociedad _zPerú. _93184 |
| 651 | 2 | 8 |
_aPerú _xVida intelectual. _93185 |
| 942 |
_2ddc _cBK _n0 |
||
| 949 |
_a869.56 L 4 1981 _wDEWEY _c1 _i20615 _lCCODEBUL1 _mBUL _p25.00 _r0 _sY _tBOOK _u2015-06-25 _xBIBLIOTECA _zUNKNOWN _0COMPRA _o.STAFF.Colección Ciencias Humanas y Educación |
||
| 949 |
_a869.56 L 5 1981 _wDEWEY _c2 _i20616 _lCCODEBUL1 _mBUL _p25.00 _r0 _sY _tBOOK _u2015-06-25 _xBIBLIOTECA _zUNKNOWN _0COMPRA _o.STAFF. Colección Ciencias Humanas y Educación |
||
| 949 |
_a869.56 L 1 1981 _wDEWEY _c3 _i20612 _lCCODEBUL1 _mBUL _p25.00 _r0 _sY _tBOOK _u2015-06-25 _xBIBLIOTECA _zUNKNOWN _0COMPRA _o.STAFF. Colección Ciencias Humanas y Educación |
||
| 949 |
_a869.56 L 2 1981 _wDEWEY _c4 _i20613 _lCCODEBUL1 _mBUL _p25.00 _r0 _sY _tBOOK _u2015-06-25 _xBIBLIOTECA _zUNKNOWN _0COMPRA _o.STAFF. Colección Ciencias Humanas y Educación |
||
| 949 |
_a869.56 L 3 1981 _wDEWEY _c5 _i20614 _lCCODEBUL1 _mBUL _p25.00 _r0 _sY _tBOOK _u2015-06-25 _xBIBLIOTECA _zUNKNOWN _0COMPRA _o.STAFF. Colección Ciencias Humanas y Educación |
||
| 980 |
_81 _gALBERTO SANCHEZ Responsable de Automatización |
||
| 999 |
_c37926 _d37926 |
||